02390 2200181 4500001002100000005001500021035002000036008003900056245015200095100002900247260006100276300002400337084001800361520178200379082000802161650001902169990002002188INLIS00000000000509320250816065740 a0010-0725000379250816 | | | 1 aAnalisis Kinerja Keuangan Berdasarkan Return on Investment dengan Metode Du Pont pada Pencucian Motor 9993 di Tenggarong /cAdisty Maudina Biantari aBiantari, Adisty Maudina aTenggarong :bFEBIS-Universitas Kutai Kartanegara,c2019 a56 hlm. ;c21x30 cm a658 BIA A C.1 aADISTY MAUDINA BIANTARI "Analisis Kinerja Keuangan Berdasarkan Return On Investment Dengan Metode Du Pont Pada Pencucian Motor 9993 Di Tenggarong" di bawah bimbingan bapak M. Hermanto, SE.,MM selaku Dosen Pembimbing 1 dan bapak H. Dedy Mulyadi, SE, M.Si selaku Dosen Pembimbing II.
Tujuan dari penelitian ini adalah untuk mengukur kinerja keuangan pencucian motor 9993 dengan melihat laporan laba rugi dan neraca.
Metode Analisa Du Pont adalah sistem untuk mengontrol perubahaan dalam rasio aktivitas dan net profit margin dan seberapa besar pengaruhnya terhadap Return On Investment.
Berdasarkan hasil penelitian, maka dapat diambil suatu kesimpulan sebagai berikut:
  1. Berdasarkan hasil analisis dapat diketahui bahwa Profit Margin Pencucian Motor 9993 mengalami peningkatan pada tahun 2017 dibandingkan tahun 2016, pada tahun 2016 sebesar 32% sedangkan tahun 2017 hanya sebesar 47 %. Sedangkan Perputaran Aktiva tahun 2017 mengalami peningkatan dibandingkan tahun 2016, pada tahun 2017 Perputaran Aktiva yang dihasilkan sebesar 1,43 kali tahun 2017 dan tahun 2016 sebesar 1,30 kali.
  2. Return On Investment yang dihasilkan tahun 2017 mengalami peningkatan dibandingkan tahun 2016. Return On Investment yang dihasilkan pada tahun 2016 sebesar 42% sedangkan untuk tahun 2017 hanya sebesar 67%.
  3. Kinerja keuangan berdasarkan analisis keuangan Return On Investement dengan metode du pont mengalami peningkatan pada tahun 2017 dibandingkan tahun 2016.
Dengan demikian, maka hipotesis yang telah penulis kemukakan dalam penelitian ini yang menyatakan: "Bahwa Return On Investment pada usaha Pencucian Motor 9993 berdasarkan Metode Du Pont pada tahun 2017 mengalami peningkatan dibanding tahun 2016", Diterima dan Terbukti Kebenarannya.
 a658 4aManajemen Umum a190813110008355